000
00319nam a22001337a 4500
008
170201b xxu||||| |||| 00| 0 eng d
020
_a
2900736065039
041
_a
eng
080
_2
3RD
_a
61
100
_a
3
101
_a
SHM
245
_a
MEASUREMENT AND EVALUATION IN HUMAN PERFORMANCE
_c
MORROW, J.A
942
_2
udc
_c
BK
999
_c
4204
_d
4204